[Event "?"]
[Site "women Frydek Mistek CZE"]
[Date "1996.??.??"]
[Round "?"]
[White "Stotskaja, Elena"]
[Black "Socko, Monika"]
[Result "0-1"]
[WhiteElo "2170"]
[BlackElo "2305"]

1. e4 c5 2. Nf3 e6 3. d4 cxd4 4. Nxd4 Qb6 5. Nc3 Bc5 6. Na4 Qa5+ 7. c3 Bxd4
8. Qxd4 Nf6 9. Nc5 O-O 10. Bf4 Nc6 11. Qe3 d5 12. Bd6 Rd8 13. e5 d4 14. Qg3
Nh5 15. Qf3 Rxd6 16. exd6 Qxc5 17. Rd1 Nf6 0-1

[Event "Capablanca Memorial Open"]
[Site "Havana CUB"]
[Date "2006.11.26"]
[Round "6"]
[White "Diaz Ordonez, C"]
[Black "Ordaz Valdes, L"]
[Result "1-0"]
[WhiteElo "2257"]
[BlackElo "2216"]

1. e4 c5 2. Nf3 e6 3. d4 cxd4 4. Nxd4 a6 5. Bd3 Bc5 6. Nb3 Be7 7. c4 Nc6 8.
Nc3 Ne5 9. Be3 Qc7 10. Qe2 Nxd3+ 11. Qxd3 Nf6 12. h3 d6 13. O-O Bd7 14.
Rac1 Rc8 15. Nd2 O-O 16. b3 Rfd8 17. Qe2 Qa5 18. f4 d5 19. Qf2 Be8 20. Kh2
Bc5 21. Bxc5 Qxc5 22. Qxc5 Rxc5 23. e5 dxc4 24. exf6 Rxd2 25. Ne4 Rcd5 26.
Nxd2 Rxd2 27. Rfd1 c3 28. fxg7 Bc6 29. Rxd2 cxd2 30. Rd1 Kxg7 31. Rxd2 Bd5
32. Kg1 Kf6 33. Kf2 Kf5 34. Ke3 h5 35. g3 Bc6 36. Rd8 Bg2 37. h4 Bc6 38.
Rg8 f6 39. g4+ 1-0

[Event "?"]
[Site "Open Las Palmas ESP"]
[Date "1999.??.??"]
[Round "?"]
[White "Villavicencio, Adalberto"]
[Black "Camino Carrio, Nicanor"]
[Result "1-0"]
[WhiteElo "2310"]
[BlackElo "2160"]

1. e4 c5 2. Nf3 e6 3. d4 cxd4 4. Nxd4 a6 5. Bd3 Bc5 6. Nb3 Be7 7. O-O d6 8.
c4 Nf6 9. Nc3 b6 10. Nd4 Bb7 11. b3 O-O 12. Bb2 Qc7 13. Rc1 Nbd7 14. Qe2
Rfe8 15. Kh1 Bf8 16. f4 Qb8 17. Bb1 g6 18. Rcd1 Bg7 19. Nf3 Ra7 20. Qd2 Qa8
21. Qxd6 Bxe4 22. Nxe4 Nxe4 23. Bxe4 Qxe4 24. Bxg7 Kxg7 25. Ne5 Nxe5 26.
fxe5 Ree7 27. Qxb6 Qxe5 28. Qd4 Qxd4 29. Rxd4 a5 30. Rc1 a4 31. b4 a3 32.
c5 e5 33. Rdc4 Red7 34. c6 Rd2 35. c7 1-0

[Event "?"]
[Site "7th Foxwoods Open ;The Week in"]
[Date "2005.??.??"]
[Round "2"]
[White "Mirabile, Tim"]
[Black "Boor, C"]
[Result "1-0"]
[WhiteElo "2245"]
[BlackElo "2225"]

1. e4 c5 2. Nf3 e6 3. d4 cxd4 4. Nxd4 a6 5. Bd3 Bc5 6. Nb3 Be7 7. O-O d6 8.
a4 b6 9. Nc3 Nf6 10. f4 Nbd7 11. Qe2 Qc7 12. Kh1 Bb7 13. Bd2 O-O 14. Rae1
e5 15. g4 d5 16. g5 Nxe4 17. Nxe4 dxe4 18. Bxe4 exf4 19. Bxf4 Bd6 20. Bxd6
Bxe4+ 21. Qxe4 Qxd6 22. Rxf7 Nc5 23. Nxc5 Qxc5 24. Qb7 1-0

[Event "?"]
[Site "Ch Open Leukerbad"]
[Date "2002.??.??"]
[Round "?"]
[White "Raeber, Markus"]
[Black "Simon, Ralf-Axel"]
[Result "0-1"]
[WhiteElo "2260"]
[BlackElo "2210"]

1. e4 c5 2. Nf3 e6 3. d4 cxd4 4. Nxd4 a6 5. Bd3 Bc5 6. Nb3 Be7 7. O-O Qc7
8. c4 d6 9. Nc3 b6 10. Be3 Nf6 11. a4 Nc6 12. a5 bxa5 13. f4 Rb8 14. Nd4
Rxb2 15. Na4 Rb8 16. e5 dxe5 17. Nxc6 Qxc6 18. fxe5 Bb7 19. Ra2 Nd7 20. Qg4
g6 21. Bh6 Bf8 22. Bxf8 Rxf8 23. Qd4 Rd8 24. Rd1 Qc7 25. Re2 Bc6 26. Bc2
Nb8 27. Qe3 Rxd1+ 28. Bxd1 f5 29. exf6 Rxf6 30. Nc5 Qf4 31. Qxf4 Rxf4 32.
Nxe6 Re4 33. Rxe4 Bxe4 34. Ng5 Bd3 35. Bb3 h6 36. Ne6 Ke7 37. Nf4 Be4 38.
Kf2 g5 39. Ne2 Nd7 40. g3 Nc5 41. Bd1 Bd3 42. Nd4 a4 43. Ke3 a3 44. Nc6+
Kd6 45. Nb4 a5 0-1

[Event "?"]
[Site "HB Global CC ;The Week in Ches"]
[Date "2005.??.??"]
[Round "1"]
[White "Adamson, Robby"]
[Black "Peng, D"]
[Result "1-0"]
[WhiteElo "2340"]
[BlackElo "2125"]

1. e4 c5 2. Nf3 e6 3. d4 cxd4 4. Nxd4 a6 5. Bd3 Bc5 6. Nb3 Be7 7. Qg4 g6 8.
Qe2 d6 9. Nc3 Nd7 10. O-O Ngf6 11. Bh6 Ne5 12. h3 Bf8 13. Bxf8 Kxf8 14. f4
Nxd3 15. Qxd3 Qb6+ 16. Kh1 Kg7 17. Rad1 Rd8 18. f5 exf5 19. exf5 d5 20. Nd4
Qd6 21. fxg6 hxg6 22. Rf3 Bg4 23. Rg3 Bd7 24. Rf1 Nh5 25. Rg5 f5 26. Nxf5+
Bxf5 27. Rfxf5 Kh6 28. Rxd5 Qf6 29. Qd2 Nf4 30. Rg4 1-0

[Event "?"]
[Site "Stadtcasino Open"]
[Date "1997.??.??"]
[Round "?"]
[White "Hitzgerova, Gabriela"]
[Black "Xheladini, Mahmut"]
[Result "0-1"]
[WhiteElo "2170"]
[BlackElo "2295"]

1. e4 c5 2. Nf3 e6 3. d4 cxd4 4. Nxd4 a6 5. Nc3 Bc5 6. Be3 Qe7 7. Be2 d6 8.
O-O Nd7 9. Na4 Ba7 10. c4 Ngf6 11. Nc3 h5 12. Bg5 Ne5 13. h3 Bd7 14. Rc1
Rc8 15. b3 Qd8 16. Nf3 Qc7 17. Qd2 Ng6 18. Be3 Bb8 19. Rfe1 h4 20. Bd1 Bc6
21. Bg5 Kf8 22. Nd5 Bxd5 23. exd5 e5 24. Bc2 Ne7 25. Nxh4 Ba7 26. Nf5 Rh5
27. Ng3 Rh8 28. Be3 Bxe3 29. Qxe3 Qa5 30. Bb1 g6 31. Qg5 Nfg8 32. Qg4 Qb4
33. Qf3 Kg7 34. Ne4 f6 35. Ng3 f5 36. Qe2 Nf6 37. Qb2 Rxc4 38. Rxc4 Qxe1+
39. Nf1 Nexd5 40. Rc1 Qa5 41. Nd2 Nf4 42. Nc4 Qc7 43. Rd1 Rd8 44. Bd3 b5
45. Ne3 Nxd3 46. Rxd3 d5 47. Rc3 Qe7 48. Rc6 d4 49. Nd1 a5 50. Qd2 Qb4 51.
Qg5 Qe1+ 52. Kh2 Rf8 53. Rc1 Qe2 54. a4 Ng4+ 0-1

[Event "?"]
[Site "CM.2001.0.00137"]
[Date "2001.??.??"]
[Round "?"]
[White "Schreber, Daniel"]
[Black "Arndt, Stefan"]
[Result "0-1"]
[WhiteElo "2225"]
[BlackElo "2235"]

1. e4 c5 2. Nf3 e6 3. d4 cxd4 4. Nxd4 a6 5. Bd3 Bc5 6. Nb3 Be7 7. Qg4 Nf6
8. Qxg7 Rg8 9. Qh6 Nc6 10. Nc3 b5 11. f4 d6 12. Qh3 b4 13. Ne2 e5 14. f5
Bb7 15. Be3 d5 16. Ng3 Na5 17. Nd2 Qc7 18. Nh5 Nc4 19. Bxc4 dxc4 20. Nxf6+
Bxf6 21. c3 bxc3 22. bxc3 O-O-O 23. O-O Rd3 24. Qh6 Bg7 25. Qxh7 Rgd8 26.
Qxg7 Rxe3 27. Rf2 Qc5 28. Kf1 Rxc3 29. Nf3 Qd6 30. Re1 f6 31. Rb2 Rd7 32.
Qg8+ Rd8 33. Qg6 Bc6 34. Qf7 Bb5 35. Kg1 Qc6 36. Qa7 Ra3 37. Qe7 Rd6 38.
Qf8+ Kc7 39. h4 c3 40. Rc2 Bd3 41. Rcc1 Ra4 42. Nd2 c2 43. Qf7+ Rd7 44. Qb3
Ra5 45. Kh2 Qc5 46. a4 Qf2 47. Nf3 Rc5 48. Qg8 Bc4 49. Qg3 Qxg3+ 50. Kxg3
Bb3 51. Kf2 Bxa4 52. g4 Rc3 53. g5 Rdd3 54. Ng1 Rd2+ 55. Re2 Rd1 56. Re1
fxg5 57. hxg5 Kd6 58. g6 Ke7 59. g7 Kf7 60. Ne2 Rc6 61. Rg1 Kg8 62. Ra1 Bb3
0-1

[Event "?"]
[Site "ch-CAN, Toronto CAN"]
[Date "2004.??.??"]
[Round "1"]
[White "Wang, D"]
[Black "Hamilton, Robert"]
[Result "0-1"]
[WhiteElo "2110"]
[BlackElo "2345"]

1. e4 c5 2. Nf3 e6 3. d4 cxd4 4. Nxd4 a6 5. Bd3 Bc5 6. Nb3 Be7 7. c4 d6 8.
O-O Nf6 9. Nc3 Nbd7 10. Be3 Qc7 11. f4 b6 12. Qf3 Bb7 13. Qg3 g6 14. a4 Rc8
15. Rae1 O-O 16. Bd4 Nh5 17. Qh3 e5 18. Nd5 Bxd5 19. exd5 Rce8 20. fxe5
dxe5 21. Bc3 Bd6 22. g3 f5 23. Nd2 Nhf6 24. Qg2 e4 25. Bc2 Ne5 26. h3 h5
27. b3 b5 28. Kh1 bxa4 29. bxa4 Nxd5 30. Bxe5 Bxe5 31. Nxe4 fxe4 32. Rxf8+
Rxf8 33. Qxe4 Bxg3 34. Qxd5+ Kg7 35. Qd4+ Kh7 36. Bxg6+ Kxg6 37. Re6+ Kg5
38. h4+ Bxh4 39. Re5+ Kg6 40. Qe4+ Kg7 41. Qg2+ Kf6 42. Rxh5 Qf4 43. Rh7
Qc1+ 44. Kh2 Bg3+ 45. Kh3 Qg5 46. Qc6+ Kf5 47. Qd7+ Ke4 48. Re7+ Be5 49.
Qd5+ Kf4 50. Qd2+ Kf3 51. Qxg5 Rh8+ 52. Qh4 Rxh4+ 53. Kxh4 Bf6+ 54. Kh5
Bxe7 55. Kg6 Ke4 56. Kf7 Bc5 0-1

[Event "?"]
[Site "Open A, Hamburg GER"]
[Date "2005.??.??"]
[Round "8"]
[White "Schulz, Wo"]
[Black "Salov, Sergei"]
[Result "1/2-1/2"]
[WhiteElo "2165"]
[BlackElo "2290"]

1. e4 c5 2. Nf3 e6 3. d4 cxd4 4. Nxd4 a6 5. Bd3 Bc5 6. Nb3 Be7 7. Qg4 g6 8.
Qe2 d6 9. Nc3 Nd7 10. O-O Qc7 11. Bd2 b6 12. f4 Bb7 13. Kh1 Ngf6 14. Nd4
O-O 15. Nf3 Nc5 16. b4 Ncd7 17. a3 b5 18. Rae1 Rac8 19. f5 Ne5 20. Nxe5
dxe5 21. fxe6 fxe6 22. Nd1 Nh5 23. g3 Rxf1+ 24. Rxf1 Rf8 25. Bh6 Rxf1+ 26.
Qxf1 Nf6 27. Qe2 Qc6 28. Nf2 Qc3 29. Bc1 Qa1 30. Qe3 Qd4 31. Kg2 Kf7
1/2-1/2

[Event "?"]
[Site "RUS Ch schools"]
[Date "2001.??.??"]
[Round "?"]
[White "Slizhevsky, Alexander"]
[Black "Kartachov, Vladislav"]
[Result "1-0"]
[WhiteElo "2275"]
[BlackElo "2180"]

1. e4 c5 2. Nf3 e6 3. d4 cxd4 4. Nxd4 Nc6 5. Nc3 Bc5 6. Nb3 Bb4 7. Bd3 Nf6
8. O-O d5 9. exd5 Nxd5 10. Nxd5 Qxd5 11. Qg4 O-O 12. Be4 f5 13. Bxd5 fxg4
14. Bc4 Kh8 15. Be3 Ne5 16. Be2 b6 17. Rad1 Bb7 18. c3 Be7 19. Bd4 Bf6 20.
Bxe5 Bxe5 21. Bxg4 Bf6 22. Bxe6 Rae8 23. Bd5 Bxd5 24. Rxd5 Re2 25. Rd2 Rfe8
26. g3 Rxd2 27. Nxd2 Re2 28. Rd1 h5 29. Kf1 Re5 30. Nb3 a5 31. Nd4 a4 32.
a3 Kg8 33. Nc2 Kf7 34. Rd6 b5 35. Nb4 h4 36. Rd5 hxg3 37. hxg3 Ke6 38.
Rxe5+ Kxe5 39. Ke2 Kd6 40. Kd3 Kc5 41. Nc2 Bg5 42. f4 Be7 43. Nd4 g6 44.
Nf3 Kd5 45. Ne5 g5 46. Ng6 Bf6 47. fxg5 Bxg5 48. Nf4+ Ke5 49. c4 bxc4+ 50.
Kxc4 Ke4 51. Ne2 Kf3 52. Nc3 Bc1 53. Nxa4 Kxg3 54. Nc3 Bxb2 55. a4 Kg4 56.
a5 Bc1 57. Nd5 1-0

[Event "?"]
[Site "17th Belgrade Trophy ;The Week"]
[Date "2004.??.??"]
[Round "7"]
[White "Zivkovic, Sava"]
[Black "Miloradovic, Jelena"]
[Result "1-0"]
[WhiteElo "2320"]
[BlackElo "2130"]

1. e4 c5 2. Nf3 e6 3. d4 cxd4 4. Nxd4 Bc5 5. Nc3 Qb6 6. Be3 Nc6 7. Ndb5
Bxe3 8. fxe3 Qxe3+ 9. Be2 Kf8 10. Rf1 g6 11. Qd6+ Nge7 12. Rf3 Qg5 13. Rg3
Qe5 14. Qd2 h6 15. O-O-O Kg7 16. Nd6 a6 17. Rf1 f6 18. Rgf3 f5 19. exf5
exf5 20. Re3 Qf6 21. g4 f4 22. Rxf4 Qxf4 23. Rxe7+ Nxe7 24. Qxf4 Rf8 25.
Qe5+ 1-0

[Event "?"]
[Site "Spring Festival"]
[Date "2002.??.??"]
[Round "?"]
[White "Nagy, Zoltan"]
[Black "Hudecz, Viktor"]
[Result "1-0"]
[WhiteElo "2245"]
[BlackElo "2205"]

1. e4 c5 2. Nf3 e6 3. d4 cxd4 4. Nxd4 a6 5. Bd3 Bc5 6. Nb3 Be7 7. f4 d5 8.
exd5 Qxd5 9. O-O Nf6 10. c4 Qd8 11. Nc3 Bd7 12. Be3 Qc7 13. Rc1 Nc6 14. Qe2
Na5 15. Nxa5 Qxa5 16. a3 Bc5 17. b4 Bxe3+ 18. Qxe3 Qxa3 19. Nd5 Nxd5 20.
cxd5 Qb3 21. f5 Qxd5 22. Bc4 Qd6 23. Rcd1 Qe7 24. Qg3 O-O-O 25. Rc1 Bc6 26.
Bxa6 Qxb4 27. Rxc6+ Kd7 28. Rc7+ Ke8 29. Bxb7 Qd4+ 30. Qf2 Qxf2+ 31. Rxf2
Rd1+ 32. Rf1 Rxf1+ 33. Kxf1 Rf8 34. Bc6+ Kd8 35. Rd7+ Kc8 36. Ra7 Kd8 37.
g4 h5 38. h3 hxg4 39. hxg4 exf5 40. gxf5 f6 41. Kf2 1-0

[Event "?"]
[Site "Open Vienna AUT"]
[Date "1998.??.??"]
[Round "?"]
[White "Bawart, Markus"]
[Black "Seiser, Kurt"]
[Result "1-0"]
[WhiteElo "2330"]
[BlackElo "2115"]

1. e4 e6 2. d4 c5 3. Nf3 cxd4 4. Nxd4 Qb6 5. Nc3 Bc5 6. Na4 Qa5+ 7. c3 Bxd4
8. Qxd4 Nf6 9. Nc5 b6 10. Nb3 Qh5 11. f3 O-O 12. g4 Qh4+ 13. Qf2 Qxf2+ 14.
Kxf2 Bb7 15. Bg5 d5 16. Bxf6 gxf6 17. exd5 Bxd5 18. Bb5 Bc6 19. a4 a6 20.
Bxc6 Nxc6 21. Rhd1 Rfd8 22. Ke2 Kf8 23. Rxd8+ Rxd8 24. f4 Ke7 25. Rg1 Rg8
26. Rg3 e5 27. Ke3 Ke6 28. f5+ Kd5 29. Nd2 Nb8 30. c4+ Kc6 31. Ne4 Nd7 32.
b4 a5 33. b5+ Kc7 34. Kf3 Kd8 35. Rh3 Rh8 36. Rh6 Ke7 37. Ke3 Kf8 38. Nxf6
Kg7 39. Nxd7 Kxh6 40. Nxb6 Rd8 41. c5 Rd1 42. c6 Rc1 43. Nd5 1-0

[Event "?"]
[Site "Oberliga Nord O"]
[Date "2001.??.??"]
[Round "?"]
[White "Chatzidakis, Michail"]
[Black "Simon, Ralf-Axel"]
[Result "1-0"]
[WhiteElo "2225"]
[BlackElo "2220"]

1. e4 c5 2. Nf3 e6 3. d4 cxd4 4. Nxd4 a6 5. Bd3 Bc5 6. Nb3 Be7 7. Nc3 d6 8.
f4 Bh4+ 9. g3 Bf6 10. Qf3 Bxc3+ 11. bxc3 Qc7 12. c4 b6 13. Bb2 e5 14. fxe5
dxe5 15. Qh5 Nd7 16. a4 Ngf6 17. Qg5 h6 18. Qe3 O-O 19. a5 bxa5 20. Rxa5
Rb8 21. Bc3 Ne8 22. O-O Nb6 23. Bxe5 Qc6 1-0

[Event "?"]
[Site "FBL HSK Karlsruhe"]
[Date "2003.??.??"]
[Round "?"]
[White "Helm, Leonie"]
[Black "Onischuk, Anna"]
[Result "0-1"]
[WhiteElo "2240"]
[BlackElo "2205"]

1. e4 c5 2. Nf3 e6 3. d4 cxd4 4. Nxd4 a6 5. Bd3 Bc5 6. Nb3 Be7 7. O-O Qc7
8. Be3 d6 9. Nc3 Nf6 10. f4 b5 11. Qf3 Bb7 12. a3 Nbd7 13. Qg3 h5 14. h3 h4
15. Qf2 Nc5 16. Nd2 Nh5 17. Ne2 Rc8 18. b4 Nxd3 19. cxd3 O-O 20. Nf3 Qc2
21. Rfd1 Bf6 22. e5 dxe5 23. fxe5 Be7 24. Rd2 Qb3 25. Nxh4 Qd5 26. Nf3 f6
27. d4 Qb3 28. Rad1 Qxa3 29. Rd3 Qxb4 30. Qh4 fxe5 31. Qxh5 e4 32. Ne5 exd3
33. Nf4 Rxf4 34. Bxf4 Qxd4+ 35. Kh1 Qxf4 36. Ng6 Bxg2+ 37. Kg1 Qe3+ 38.
Kxg2 Rc2+ 39. Kh1 Qe4+ 0-1

[Event "?"]
[Site "AUT Team Ch"]
[Date "2000.??.??"]
[Round "?"]
[White "Schiestl, Josef"]
[Black "Pilaj, Herwig"]
[Result "0-1"]
[WhiteElo "2200"]
[BlackElo "2240"]

1. e4 c5 2. Nf3 e6 3. d4 cxd4 4. Nxd4 a6 5. Bd3 Bc5 6. Nb3 Be7 7. O-O d6 8.
c4 Nf6 9. Nc3 Nbd7 10. Kh1 b6 11. f4 Bb7 12. Qe1 O-O 13. Qg3 Qc7 14. Bd2 g6
15. Rae1 Rfe8 16. Qh3 Bf8 17. f5 exf5 18. exf5 Rxe1 19. Bxe1 Bg7 20. fxg6
hxg6 21. Bh4 Re8 22. Nd2 Qc6 23. Be2 Re3 24. Rf3 Re6 25. Rf1 Ne5 26. Bxf6
Rxf6 27. Rxf6 Bxf6 28. Nd5 Bd8 29. b3 Kg7 30. Nf3 Qc5 31. Nxe5 dxe5 32. Qc3
f6 33. Bf3 Qf2 34. Qe3 Qxe3 35. Nxe3 e4 36. Be2 Kf7 37. Nd5 Ke6 38. Nf4+
Kf5 39. Nd5 Ke6 40. Nf4+ Kf5 41. Nd5 Ke5 42. Kg1 f5 43. Kf2 b5 44. Nb4 a5
45. Nc2 b4 46. a3 Be7 47. axb4 axb4 48. Ke1 f4 49. Bg4 Bc6 50. Ke2 Be8 51.
Ke1 Bf7 52. Be2 Be6 53. Kd2 Bf5 54. Kd1 g5 55. h3 Bc5 56. Bg4 Bxg4+ 57.
hxg4 f3 58. gxf3 exf3 59. Ne1 Ke4 60. Nc2 Kf4 61. Ke1 Kxg4 62. Kf1 Kf4 63.
Ne1 Ke4 64. Nc2 g4 0-1

[Event "?"]
[Site "36th Olympiad w ;The Week in C"]
[Date "2004.??.??"]
[Round "7"]
[White "Hernandez, Yudania"]
[Black "Anhchimeg, Bayanmonh"]
[Result "0-1"]
[WhiteElo "2200"]
[BlackElo "2235"]

1. e4 c5 2. Nf3 e6 3. d4 cxd4 4. Nxd4 a6 5. Bd3 Bc5 6. Nb3 Be7 7. O-O Qc7
8. Nc3 Nf6 9. f4 d6 10. Kh1 Nbd7 11. a4 b6 12. Qe2 Bb7 13. Bd2 O-O 14. Rae1
e5 15. f5 d5 16. exd5 Nxd5 17. Nxd5 Bxd5 18. c4 Bb7 19. a5 Rac8 20. Bc3 Bf6
21. axb6 Qxb6 22. Nd2 Nc5 23. Bc2 a5 24. Ra1 a4 25. Ne4 Nxe4 26. Bxe4 Bxe4
27. Qxe4 Qb3 28. c5 Rxc5 29. Rxa4 Rd5 30. Raa1 Rfd8 31. h3 h6 32. Rae1 Ra8
33. Ra1 Rad8 34. Rfe1 h5 35. h4 Rc5 36. Ra8 Rc4 37. Qf3 Rxh4+ 38. Kg1 Qb6+
39. Re3 Rxa8 40. Qxa8+ Kh7 41. Qf3 Bg5 42. Bd2 Qxb2 43. f6 Bxe3+ 44. Qxe3
Qd4 45. fxg7 Kxg7 46. Kf2 Qxe3+ 47. Bxe3 Ra4 0-1

[Event "?"]
[Site "GER-ENG women"]
[Date "1998.??.??"]
[Round "?"]
[White "Koglin, Anke"]
[Black "Regan, Natasha"]
[Result "1/2-1/2"]
[WhiteElo "2270"]
[BlackElo "2165"]

1. e4 c5 2. Nf3 e6 3. d4 cxd4 4. Nxd4 a6 5. Bd3 Bc5 6. Nb3 Be7 7. O-O d6 8.
a4 Nc6 9. a5 Nf6 10. Nc3 d5 11. Be3 O-O 12. Bb6 Qd7 13. f4 dxe4 14. Nxe4
Nb4 15. Nxf6+ Bxf6 16. Be4 Qxd1 17. Raxd1 Nd5 18. Bc5 Re8 19. c4 Ne7 20.
Rd2 g6 21. Bb6 Nc6 22. Kh1 Kg7 23. Nc5 Be7 24. b4 Bf6 25. Bxc6 bxc6 26. Rd6
e5 27. fxe5 Bxe5 28. Rxc6 Bc3 29. Bc7 Bxb4 30. Nd3 Bc3 31. Nf4 Bb7 32. Rb6
Be4 33. Rb3 Bd4 34. Nd5 Rac8 35. Bb6 Rxc4 36. Nc7 Rc8 1/2-1/2

[Event "?"]
[Site "VAM Open Hoogeveen NED"]
[Date "1998.??.??"]
[Round "?"]
[White "Azadmanesh, Moosa"]
[Black "De Jong, Migchiel"]
[Result "1/2-1/2"]
[WhiteElo "2150"]
[BlackElo "2280"]

1. e4 c5 2. Nf3 e6 3. d4 cxd4 4. Nxd4 a6 5. Bd3 Bc5 6. Nb3 Be7 7. a4 b6 8.
Be3 d6 9. O-O Nd7 10. Nc3 Ngf6 11. f4 h5 12. Be2 Bb7 13. Bf3 Qc7 14. Kh1
Rc8 15. Bd4 g6 16. Qe2 e5 17. Be3 exf4 18. Bxf4 Kf8 19. Nc1 Ne5 20. Nd3 Kg7
21. Nxe5 dxe5 22. Be3 Bc5 23. Rad1 1/2-1/2

[Event "?"]
[Site "Mitropa Cup (Women) 1st"]
[Date "2002.??.??"]
[Round "?"]
[White "Pallova, Martina"]
[Black "Helm, Leonie"]
[Result "0-1"]
[WhiteElo "2190"]
[BlackElo "2240"]

1. e4 c5 2. Nf3 e6 3. d4 cxd4 4. Nxd4 a6 5. Bd3 Bc5 6. Nb3 Be7 7. O-O d6 8.
f4 Qc7 9. Nc3 Nf6 10. g4 b5 11. g5 Nfd7 12. Be3 Bb7 13. Qg4 b4 14. Ne2 d5
15. exd5 Bxd5 16. c4 Bb7 17. Ng3 Nc5 18. Nxc5 Bxc5 19. Qe2 Nd7 20. Be4 Bxe4
21. Nxe4 O-O 22. b3 Qc6 23. Qf3 Bxe3+ 24. Qxe3 Rac8 25. Rad1 Nc5 26. Nxc5
Qxc5 27. Qxc5 Rxc5 28. Rd6 a5 29. Kf2 h6 30. gxh6 g6 31. Ke3 Kh7 32. Kd4
Rfc8 33. Rd7 Rf5 34. Ke4 Kxh6 35. Rf3 Kg7 36. Rfd3 Rh8 37. h3 Rh4 38. Rf3
g5 39. Ra7 Kf6 40. Rc7 gxf4 41. c5 Re5+ 42. Kd4 Re2 43. c6 e5+ 44. Kd3 Rxa2
45. Rb7 Ke6 46. c7 Kd7 47. Ke4 Re2+ 48. Kf5 Re3 49. Rf1 Rhxh3 50. Rg1 Rc3
51. Rg7 Kc8 52. Ra7 Rxc7 53. Rg8+ Kd7 54. Rxa5 Rxb3 55. Kxe5 f3 56. Rd5+
Kc6 57. Rd6+ Kc5 58. Rd5+ Kc4 59. Rg4+ Kc3 60. Rgd4 Kb2 61. Ke4 f2 62. Rd2+
Rc2 63. Rxc2+ Kxc2 64. Rf5 Rd3 65. Rxf2+ Rd2 66. Rxf7 b3 67. Rc7+ Kd1 68.
Ke3 b2 69. Rb7 Kc1 70. Rb6 Rc2 0-1

[Event "?"]
[Site "MTO Open, Biel SUI"]
[Date "2005.??.??"]
[Round "8"]
[White "Lamastus Candal, J"]
[Black "Midoux, Sebastien"]
[Result "0-1"]
[WhiteElo "2125"]
[BlackElo "2300"]

1. e4 c5 2. Nf3 e6 3. d4 cxd4 4. Nxd4 a6 5. Bd3 Bc5 6. Nb3 Be7 7. c4 d6 8.
Nc3 Nf6 9. O-O O-O 10. f4 Qc7 11. Qe2 Nbd7 12. g4 g6 13. Be3 b6 14. g5 Nh5
15. Nd4 Re8 16. Rac1 Bb7 17. b4 Bf8 18. a4 e5 19. fxe5 dxe5 20. Nd5 Qd8 21.
Nf3 a5 22. b5 Bc5 23. Kh1 Bxe3 24. Qxe3 Nc5 25. Bc2 Bxd5 26. cxd5 Qd7 27.
Nd2 Rac8 28. Nc4 Qd8 29. Bd1 Nf4 30. Nxe5 Nxd5 31. exd5 Qxd5+ 32. Qf3 Rxe5
33. Qxd5 Rxd5 34. Bb3 Rd7 35. Ba2 Rcd8 36. Rce1 Nxa4 37. Bc4 Nb2 38. Ba2
Nd3 39. Re3 Nb4 40. Bb3 Rc7 41. Ref3 Rdd7 42. Rf6 Rb7 43. Rc6 Rdc7 44. Rd6
Rc3 45. Bd1 Rd3 46. Rdf6 Nd5 47. Rd6 Nf4 48. Rf6 Ne6 49. Bf3 Rc7 50. h4 Rd4
51. Bc6 Rxh4+ 52. Kg2 Rg4+ 53. Kh2 Nxg5 54. Re1 Kg7 55. Rd6 Rf4 56. Re8 Ne6
57. Rb8 Nd4 58. Kg3 Nxc6 59. bxc6 Rf6 60. Rxf6 Kxf6 61. Rxb6 Ke6 0-1

[Event "?"]
[Site "Open, Tanta City"]
[Date "2002.??.??"]
[Round "?"]
[White "Frhat, Ali"]
[Black "Anwar, A"]
[Result "1-0"]
[WhiteElo "2300"]
[BlackElo "2125"]

1. e4 c5 2. Nf3 e6 3. d4 cxd4 4. Nxd4 a6 5. Nc3 Bc5 6. Nb3 Ba7 7. Be2 Nc6
8. O-O d6 9. Kh1 b5 10. a3 Nf6 11. Bg5 Bb7 12. f4 h6 13. Bxf6 gxf6 14. Bf3
Qc7 15. a4 b4 16. Ne2 Na5 17. Nxa5 Qxa5 18. f5 O-O-O 19. fxe6 fxe6 20. Nf4
Rhe8 21. Nd3 Rg8 22. c3 bxc3 23. Rc1 Kb8 24. Rxc3 d5 25. Rb3 Ka8 26. exd5
Bxd5 27. Nf4 Rge8 28. Rd3 Bxf3 29. Qxf3+ Kb8 30. Rb3+ Bb6 31. Qc6 Ka7 32.
Nxe6 Rb8 33. Qd7+ Ka8 34. Rxb6 Qxb6 35. Nc7+ Ka7 36. Nxe8+ Rb7 37. Qd3 Qxb2
38. Nxf6 1-0

[Event "FSIM December"]
[Site "Budapest HUN"]
[Date "2006.12.07"]
[Round "6"]
[White "Stenersen, G"]
[Black "Schneider, Veronika"]
[Result "1-0"]
[WhiteElo "2202"]
[BlackElo "2221"]

1. e4 c5 2. Nf3 e6 3. d4 cxd4 4. Nxd4 a6 5. Bd3 Bc5 6. Nb3 Be7 7. O-O d6 8.
c4 Nf6 9. Nc3 Nbd7 10. Be3 b6 11. f4 Bb7 12. Qe2 Qc7 13. Rac1 h5 14. Bd4
Nc5 15. Bb1 e5 16. Be3 Ng4 17. Bd2 Nxb3 18. axb3 Bh4 19. g3 Qc5+ 20. Kg2
Be7 21. h3 Nf6 22. Nd5 Bd8 23. b4 Qc8 24. fxe5 dxe5 25. Rf5 Qe6 26. Bc3 Nd7
27. Rxh5 Rh6 28. Rf1 Rc8 29. Bd3 Bf6 30. Rxh6 gxh6 31. Qh5 Bg7 32. Be2 Qg6
33. Qh4 Bxd5 34. cxd5 Bf6 35. Qg4 Bg7 36. Qxg6 fxg6 37. Bxa6 Rc7 38. Bb5
Ke7 39. Ra1 Nb8 40. Ra8 Rb7 41. Bc6 Nxc6 42. dxc6 Rc7 43. b5 1-0

[Event "?"]
[Site "Open, Balatonlelle HUN"]
[Date "2004.??.??"]
[Round "5"]
[White "Jamrich, Gyorgy"]
[Black "Balog, M"]
[Result "1/2-1/2"]
[WhiteElo "2265"]
[BlackElo "2155"]

1. e4 c5 2. Nf3 e6 3. d4 cxd4 4. Nxd4 a6 5. Bd3 Bc5 6. Nb3 Be7 7. O-O d6 8.
Nc3 Nf6 9. f4 Nbd7 10. Qe2 Qc7 11. Bd2 O-O 12. Rae1 g6 13. e5 Nh5 14. Rf3
b6 15. Rh3 Ng7 16. Rh6 Bb7 17. Qe3 Rfe8 18. Qh3 Nf8 19. Nd1 Nf5 20. Nf2
Nxh6 21. Qxh6 f5 22. Bc3 d5 23. Nd4 b5 24. a3 Bc5 25. b4 Ba7 26. Bb2 Qg7
27. Qh3 Qf7 28. Kf1 h5 29. Qf3 Nh7 30. h3 Kf8 31. Nd1 Bc8 32. Ne3 Bb6 33.
Ke2 Qa7 34. Nc6 Qc7 35. Nd4 Qa7 36. Nc6 Qc7 37. Nd4 Qa7 38. Nc6 1/2-1/2

[Event "?"]
[Site "American Continental, Buenos A"]
[Date "2005.??.??"]
[Round "3"]
[White "Cuevas, A"]
[Black "Fernandez, D. USA"]
[Result "0-1"]
[WhiteElo "2015"]
[BlackElo "2405"]

1. e4 c5 2. Nf3 e6 3. d4 cxd4 4. Nxd4 a6 5. Bd3 Bc5 6. Nb3 Be7 7. c4 Nc6 8.
Nc3 Qc7 9. Be3 Nf6 10. f4 d6 11. Qe2 O-O 12. O-O Nd7 13. Rac1 Qb8 14. Kh1
b6 15. Qf2 Nc5 16. Nxc5 bxc5 17. b3 Bd7 18. Be2 Rd8 19. Rfd1 Bf8 20. Bf3
Be8 21. g4 Ra7 22. Rd2 g6 23. Rcd1 Rad7 24. Bg2 Bg7 25. Ne2 a5 26. f5 a4
27. fxe6 fxe6 28. Nf4 Rf7 29. Qh4 Qc8 30. Nh3 axb3 31. axb3 Nd4 32. Ng5 Bf6
33. Bxd4 cxd4 34. Rxd4 Qc5 35. Nxe6 Qxd4 36. Rxd4 Bxh4 37. Nxd8 Ra7 38. Bf3
Ra1+ 39. Kg2 Ra2+ 40. Kh1 Ra1+ 41. Kg2 Bxd8 42. e5 Bb6 43. Rxd6 Bc7 44. Rf6
Re1 45. Kf2 Rxe5 46. b4 Re7 47. b5 Bxh2 48. Ra6 Bf4 49. b6 Bf7 50. b7 Re8
51. Bc6 Rb8 52. c5 Be6 53. Bf3 Kf7 54. Ra4 Bc7 55. Ke3 Ke7 56. Bc6 Kf6 57.
Re4 g5 58. Kf3 Rf8 59. Re1 Kg6+ 60. Kg2 Bxg4 61. Re7 Bb8 62. Be4+ Kf6 63.
Rxh7 Ke5 64. Re7+ Kf6 65. Rh7 Ke5 66. Re7+ Kf6 67. Rh7 Re8 68. Bf3 Bf5 69.
Rh6+ Ke5 70. c6 g4 71. Bd1 Kf4 72. Rf6 Kg5 73. Rf7 Kg6 74. Bb3 Be4+ 0-1

[Event "?"]
[Site "ol U16 Artek UKR"]
[Date "2000.??.??"]
[Round "?"]
[White "Sadykov, Rustem"]
[Black "Livshits, Gaby"]
[Result "1-0"]
[WhiteElo "2205"]
[BlackElo "2215"]

1. e4 c5 2. Nf3 e6 3. d4 cxd4 4. Nxd4 a6 5. Bd3 Bc5 6. Nb3 Be7 7. Qg4 g6 8.
Qe2 d6 9. O-O Qc7 10. c4 b6 11. Nc3 Bb7 12. Be3 Nd7 13. a4 Nc5 14. Bc2 Nxb3
15. Bxb3 h5 16. f3 Nf6 17. Qf2 Nd7 18. Ba2 Bf6 19. Rac1 h4 20. h3 Rh5 21.
Rfd1 Rd8 22. b4 Bxc3 23. Rxc3 Qc6 24. Rcd3 Ne5 25. R3d2 Qxa4 26. Bxb6 Rd7
27. Rb1 Nc6 28. Rdb2 a5 29. bxa5 Ba6 30. Bb3 Qb4 31. Bd1 Qc3 32. Ba4 Qxc4
33. Qc2 Nxa5 34. Rc1 Ke7 35. Bxd7 Kxd7 36. Bxa5 Qxc2 37. Rbxc2 Rxa5 38.
Rc7+ Ke8 39. Ra7 1-0

[Event "?"]
[Site "Dake Mem, McMinnville USA"]
[Date "2004.??.??"]
[Round "8"]
[White "Stanford, Mike"]
[Black "Van Meter, Lester"]
[Result "1-0"]
[WhiteElo "2175"]
[BlackElo "2240"]

1. e4 c5 2. Nf3 e6 3. d4 cxd4 4. Nxd4 a6 5. Bd3 Bc5 6. Nb3 Be7 7. Nc3 Nc6
8. f4 d6 9. Qf3 b5 10. Be3 Bb7 11. O-O-O Rc8 12. Kb1 Na5 13. g4 Nf6 14. g5
Nd7 15. Qh3 Nxb3 16. axb3 Qa5 17. g6 Bf6 18. gxf7+ Kxf7 19. Nd5 Nc5 20.
Bxc5 Bxd5 21. exd5 Rxc5 22. Qxe6+ Kf8 23. Qxd6+ Be7 24. Qe6 Qd8 25. Qxa6 b4
26. Bb5 Bd6 27. Rhe1 Kf7 28. Re6 Bxf4 29. Rf1 g5 30. Rd6 1-0